Tout les pays aillant gagner la coupe du monde - Statistiques

Statistiques générales
  • Ce quiz a été pris 101 fois
  • Le résultat moyen est 8 sur 8
Statistiques - réponses
Hint Réponse % Correct
6 Brésil
99%
2 France
99%
3 Allemagne
98%
7 Italie
98%
8 Espagne
92%
4 Argentine
91%
5 Uruguay
90%
1 Angleterre
89%
Aucun quiz correspondant
Distribution des résultats
% des personnes avec chaque résultat
Percentile par nombre de réponses
Votre historique - résultats
Vous n’avez pas pris ce quiz